|
|
|
|
| LEADER |
00000nam0a2200000 4500 |
| 001 |
102850 |
| 005 |
20240122131349.0 |
| 035 |
|
|
|a (RuTPU)RU\TPU\book\110895
|
| 090 |
|
|
|a 102850
|
| 100 |
|
|
|a 20061006d2001 m y0rusy50 ca
|
| 101 |
0 |
|
|a rus
|
| 102 |
|
|
|a RU
|
| 105 |
|
|
|a y j 000zy
|
| 200 |
1 |
|
|a Оптимизация химико-технологических процессов органического синтеза
|e сборник примеров и задач
|f В. В. Бочкарев, А. А. Ляпков
|
| 210 |
|
|
|a Томск
|c Изд-во ТПУ
|d 2001
|
| 215 |
|
|
|a 96 с.
|
| 330 |
|
|
|a В сборнике изложены основные понятия по оптимизации процессов химической технологии органических веществ, рассмотрено большое количество примеров, раскрывающих представление о критериях оптимизации, эффективности процессов, удельной производительности химических реакторов. Каждая глава кроме теоретической части и разобранных примеров решения различных задач оптимизации, содержит большое количество контрольных заданий, помогающих усвоению материала. Изложение построено с учетом активного использования ЭВМ. Сборник подготовлен на кафедре технологии основного органического синтеза Томского политехнического университета и предназначен для студентов специальности 250100 «Химическая технология органических веществ» Института дистанционного образования.
|
| 451 |
|
1 |
|0 (RuTPU)RU\TPU\book\8449
|t Оптимизация химико-технологических процессов органического синтеза
|o сборник примеров и задач
|f В. В. Бочкарев, А. А. Ляпков
|c Томск
|n Изд-во ТПУ
|d 1998
|p 112 с.
|a Бочкарев, Валерий Владимирович
|
| 606 |
1 |
|
|a Органическая химия промышленная
|2 stltpush
|3 (RuTPU)RU\TPU\subj\47326
|9 66363
|
| 610 |
1 |
|
|a химическая технология
|
| 610 |
1 |
|
|a органический синтез
|
| 610 |
1 |
|
|a химические реакторы
|
| 610 |
1 |
|
|a использование ЭВМ
|
| 610 |
1 |
|
|a примеры
|
| 610 |
1 |
|
|a задачи
|
| 610 |
1 |
|
|a учебные пособия
|
| 675 |
|
|
|a 661.7(076)
|v 3
|
| 700 |
|
1 |
|a Бочкарев
|b В. В.
|c химик-технолог
|c доцент Томского политехнического университета, кандидат химических наук
|f 1948-
|g Валерий Владимирович
|3 (RuTPU)RU\TPU\pers\25606
|
| 701 |
|
1 |
|a Ляпков
|b А. А.
|c химик-технолог
|c доцент Томского политехнического университета, кандидат химических наук
|f 1958-
|g Алексей Алексеевич
|3 (RuTPU)RU\TPU\pers\25490
|9 11427
|
| 801 |
|
0 |
|a RU
|b 63413507
|c 20011209
|g PSBO
|
| 801 |
|
2 |
|a RU
|b 63413507
|c 20151111
|g PSBO
|
| 942 |
|
|
|c BK
|